| 000 | 00398nam a2200133Ia 4500 | ||
|---|---|---|---|
| 008 | 231129s1994||||xx |||||||||||||| ||spa|| | ||
| 020 | _a958-95537-4-5 | ||
| 082 | _aJSA- 113 | ||
| 100 | _aSerna Arango Julián | ||
| 245 | 0 | _aTeoría del recorte del mundo en Occidente | |
| 260 | _c1994 | ||
| 264 | _aPereira: Gráficas Olímpica 1994 | ||
| 942 |
_2ddc _cBKS |
||
| 999 |
_c25223 _d25223 |
||